00843nam a2200181 a 4500008004100000050001500041100002100056245017500077260004100252300002500293362005000318500001700368650005700385650003500442650005500477650005600532650007300588140203s2013 ||||||||||||||||| || u aTHESIS/MAN aManyando, Lyamba14aThe impact of health sector restructuring on recruitment and deployment of health workers and service delivery: a case study of Monze general hospitalcby Lyamba Manyando aKitwe: bCopperbelt Universityc2013 axiii, 75p.[20]: ill.1 a
MA Human Resources Management (MA HRM)
aBibliography aHEALTH SECTOR RESTRUCTURING--RECRUITMENT--IMPACT OF- aHEALTH CARE MANAGEMENT--ZAMBIA aHEALTH SECTOR RESTRUCTURING--EFFECTS--CASE STUDIES aHEALTH SECTOR RESTRUCTURING--DEPLOYMENT--IMPACT OF- aHEALTH SECTOR RESTRUCTURING--EFFECTS--MONZE GENERAL HOSPITAL, ZAMBIA